[Event "Hessen-ch U16"]
[Site "Bad Homburg"]
[Date "2015.04.03"]
[Round "7"]
[White "Thomsen, Phil"]
[Black "Bach, Christopher"]
[Result "1/2-1/2"]
[WhiteElo "1691"]
[BlackElo "1728"]
[PlyCount "31"]
[EventDate "2015.03.30"]
[EventType "swiss"]
[EventRounds "7"]
[EventCountry "GER"]
[SourceTitle "EXT 2017"]
[Source "ChessBase"]
[SourceDate "2016.10.25"]
[SourceVersion "1"]
[SourceVersionDate "2016.10.25"]
[SourceQuality "1"]

1. e4 e5 2. Nf3 Nc6 3. Bc4 Bc5 4. b4 Bxb4 5. c3 Be7 6. d4 Na5 7. Nxe5 Nxc4 8. Nxc4 d5 9. exd5 Qxd5 10. Ne3 Qa5 11. 0-0 Nf6 12. Qc2 Be6 13. Nd2 Nd5 14. c4 Nxe3 15. fxe3 0-0 16. Nf3 1/2-1/2

[Event "Hessen-ch U16"]
[Site "Bad Homburg"]
[Date "2015.03.30"]
[Round "1"]
[White "Kuethe, Calvin"]
[Black "Bach, Christopher"]
[Result "0-1"]
[WhiteElo "1360"]
[BlackElo "1728"]
[PlyCount "118"]
[EventDate "2015.03.30"]
[EventType "swiss"]
[EventRounds "7"]
[EventCountry "GER"]
[SourceTitle "EXT 2017"]
[Source "ChessBase"]
[SourceDate "2016.10.25"]
[SourceVersion "1"]
[SourceVersionDate "2016.10.25"]
[SourceQuality "1"]

1. e4 e5 2. Nf3 Nc6 3. Bc4 Bc5 4. c3 Nf6 5. d3 d6 6. h3 a6 7. a4 h6 8. Nbd2 Be6 9. Ba2 Ba7 10. Nf1 0-0 11. Ng3 Qe7 12. 0-0 Rad8 13. Re1 Qd7 14. Be3 Bxe3 15. Rxe3 d5 16. exd5 Bxd5 17. Nxe5 Nxe5 18. Rxe5 Bxa2 19. Rxa2 Qxd3 20. Qxd3 Rxd3 21. Ra1 Rd2 22. Rb1 Rfd8 23. Re7 R8d7 24. Rxd7 Nxd7 25. Kf1 Nc5 26. Ke1 Rc2 27. Ne2 Rxb2 28. Rxb2 Nd3+ 29. Kd2 Nxb2 30. Kc2 Nxa4 31. Nd4 Kf8 32. Nb3 Ke7 33. Nd2 Nc5 34. Nc4 Ne4 35. f3 Nd6 36. Na5 Ke6 37. Kd3 Kd5 38. c4+ Kc5 39. Kc3 b5 40. Nb3+ Kb6 41. c5+ Kc6 42. cxd6 Kxd6 43. g3 c5 44. h4 Kd5 45. Na5 f6 46. h5 f5 47. Nb7 b4+ 48. Kd3 c4+ 49. Kc2 Kd4 50. Nd6 b3+ 51. Kc1 Kd3 52. Nxf5 c3 53. Nd6 a5 54. f4 a4 55. g4 a3 56. Nc4 Kxc4 57. Kb1 a2+ 58. Ka1 Kb4 59. g5 Ka3 0-1

[Event "Hessen-ch U16"]
[Site "Bad Homburg"]
[Date "2014.04.16"]
[Round "4"]
[White "Bach, Christopher"]
[Black "Paulsen, Alexej"]
[Result "1/2-1/2"]
[WhiteElo "1589"]
[BlackElo "1679"]
[PlyCount "68"]
[EventDate "2014.04.??"]
[EventType "swiss"]
[EventRounds "7"]
[EventCountry "GER"]
[SourceTitle "EXT 2022"]
[Source "ChessBase"]
[SourceDate "2021.10.06"]
[SourceVersion "1"]
[SourceVersionDate "2021.10.06"]
[SourceQuality "1"]

1. e4 Nf6 2. e5 Nd5 3. d4 d6 4. c4 Nb6 5. exd6 cxd6 6. Nc3 g6 7. Bd3 Bg7 8. Nge2 Nc6 9. Be3 Bg4 10. f3 Bd7 11. 0-0 0-0 12. Rc1 Nb4 13. Ng3 Nxd3 14. Qxd3 Bc6 15. d5 Be8 16. Nge4 Nd7 17. f4 Nf6 18. Nxf6+ Bxf6 19. f5 Bd7 20. fxg6 fxg6 21. Bd4 Bf5 22. Qe3 Bxd4 23. Qxd4 b6 24. Rcd1 Qd7 25. Ne4 Bxe4 26. Qxe4 Rxf1+ 27. Kxf1 Rf8+ 28. Kg1 Rf7 29. b3 Qc8 30. Qe3 Qf5 31. Qe2 Qf6 32. Qe3 Qf5 33. Qe2 Qf6 34. Qe3 Qf5 1/2-1/2

[Event "Hessen-ch U14"]
[Site "Bad Homburg"]
[Date "2013.??.??"]
[Round "3"]
[White "Bach, Christopher"]
[Black "Nothnagel, Marian Can"]
[Result "0-1"]
[WhiteElo "1531"]
[BlackElo "1785"]
[PlyCount "90"]
[EventDate "2013.03.??"]
[EventType "swiss"]
[EventRounds "7"]
[EventCountry "GER"]
[SourceTitle "EXT 2014"]
[Source "ChessBase"]
[SourceDate "2013.11.20"]
[SourceVersion "1"]
[SourceVersionDate "2013.11.20"]
[SourceQuality "1"]

1. e4 c5 2. Nf3 d6 3. d4 cxd4 4. Nxd4 Nf6 5. Nc3 a6 6. Be3 e5 7. Nb3 Be6 8. Be2 Be7 9. 0-0 Nbd7 10. Qd2 b5 11. f3 0-0 12. Kh1 Nb6 13. Rfe1 Nc4 14. Bxc4 Bxc4 15. Rad1 Qc7 16. Qf2 Rab8 17. Rd2 Rfd8 18. Red1 a5 19. Ne2 a4 20. Nbc1 d5 21. b3 Bxe2 22. Qxe2 dxe4 23. Rxd8+ Rxd8 24. Rxd8+ Qxd8 25. bxa4 bxa4 26. fxe4 Nxe4 27. Nd3 Nc3 28. Qg4 Bf6 29. Qc4 e4 30. Nb2 Nd5 31. Nd1 Nxe3 32. Nxe3 Bg5 33. Qxe4 Bxe3 34. Qxe3 Qd1+ 35. Qg1 Qxc2 36. Qe1 h6 37. h3 Qxa2 38. Qe8+ Kh7 39. Qe4+ g6 40. Qe8 Qb3 41. Qe1 a3 42. Qa1 a2 43. Kh2 Qb1 44. Qf6 a1Q 45. Qxf7+ Qg7 0-1

[Event "GER-ch Net final U14"]
[Site "Playchess.com INT"]
[Date "2012.09.15"]
[Round "9"]
[White "Bach, Christopher"]
[Black "Fluechter, Gregor"]
[Result "1-0"]
[WhiteElo "1607"]
[BlackElo "1871"]
[PlyCount "125"]
[EventDate "2012.09.15"]
[EventType "swiss (blitz)"]
[EventRounds "9"]
[EventCountry "GER"]
[SourceTitle "CBM 150 Extra"]
[Source "ChessBase"]
[SourceDate "2012.10.19"]
[SourceVersion "1"]
[SourceVersionDate "2012.10.19"]
[SourceQuality "1"]

1. e4 c5 2. Nf3 d6 3. d4 cxd4 4. Nxd4 Nf6 5. Nc3 a6 6. Bg5 e6 7. f4 Qb6 8. Qd2 Qxb2 9. Rb1 Qa3 10. Be2 Nbd7 11. 0-0 Be7 12. e5 dxe5 13. fxe5 Nxe5 14. Bxf6 Bxf6 15. Rxf6 gxf6 16. Ne4 Qe7 17. Qf4 Nd7 18. Nd6+ Kd8 19. Nxb7+ Bxb7 20. Rxb7 Qc5 21. Qf2 e5 22. Ne6+ fxe6 23. Rxd7+ Kxd7 24. Qxc5 Rac8 25. Qa7+ Rc7 26. Qxa6 Rxc2 27. Bb5+ Ke7 28. Qb7+ Kf8 29. a4 Rg8 30. g3 f5 31. Qd7 f4 32. Qxe6 fxg3 33. Qf5+ Kg7 34. Qxc2 gxh2+ 35. Kxh2 Kh8 36. a5 Rb8 37. Qd3 h6 38. a6 e4 39. Qxe4 h5 40. a7 Rg8 41. a8Q Rxa8 42. Qxa8+ Kg7 43. Qg2+ Kf6 44. Kg3 h4+ 45. Kxh4 Ke5 46. Qf3 Kd4 47. Qd3+ Kc5 48. Bc4 Kb4 49. Kg4 Kc5 50. Kf4 Kb4 51. Ke5 Kc5 52. Qd5+ Kb4 53. Bf1 Kc3 54. Qd4+ Kc2 55. Ke4 Kc1 56. Qd3 Kb2 57. Qc4 Kb1 58. Kd3 Kb2 59. Qc2+ Ka1 60. Qc4 Kb2 61. Qb5+ Ka3 62. Kc3 Ka2 63. Qb2# 1-0

[Event "GER-ch Net qual1 U14"]
[Site "Playchess.com INT"]
[Date "2012.09.01"]
[Round "4"]
[White "Bach, Christopher"]
[Black "Janke, Hendrik"]
[Result "1-0"]
[WhiteElo "1496"]
[BlackElo "1570"]
[PlyCount "63"]
[EventDate "2012.09.01"]
[EventType "swiss (blitz)"]
[EventRounds "7"]
[EventCountry "GER"]
[SourceTitle "CBM 150 Extra"]
[Source "ChessBase"]
[SourceDate "2012.10.19"]
[SourceVersion "1"]
[SourceVersionDate "2012.10.19"]
[SourceQuality "1"]

1. e4 Nf6 2. e5 Nd5 3. d4 d6 4. Nf3 Bg4 5. Be2 Nb6 6. 0-0 g6 7. h3 Bf5 8. Bd3 Bxd3 9. Qxd3 Bg7 10. exd6 cxd6 11. Bg5 0-0 12. Re1 Nc6 13. c3 Qd7 14. Nbd2 Rfe8 15. Re2 h6 16. Bh4 Nd5 17. Bg3 Rac8 18. Rae1 e6 19. Nc4 Bf8 20. Nh4 Kg7 21. Qf3 Nxd4 22. cxd4 Rxc4 23. Qd3 Rc6 24. a3 Be7 25. Nf3 Bf6 26. Nd2 Rec8 27. Ne4 Be7 28. Kh2 f5 29. Nd2 Nc7 30. d5 Nxd5 31. Rxe6 Nc7 32. Rxe7+ 1-0

[Event "GER-ch Net qual1 U14"]
[Site "Playchess.com INT"]
[Date "2012.09.01"]
[Round "7"]
[White "Bach, Christopher"]
[Black "Schroeder, Jan Christian"]
[Result "0-1"]
[WhiteElo "1496"]
[BlackElo "2054"]
[PlyCount "94"]
[EventDate "2012.09.01"]
[EventType "swiss (blitz)"]
[EventRounds "7"]
[EventCountry "GER"]
[SourceTitle "CBM 150 Extra"]
[Source "ChessBase"]
[SourceDate "2012.10.19"]
[SourceVersion "1"]
[SourceVersionDate "2012.10.19"]
[SourceQuality "1"]

1. e4 c5 2. Nf3 Nc6 3. b4 Nxb4 4. c3 Nc6 5. d4 d6 6. d5 Ne5 7. Nxe5 dxe5 8. Bb5+ Bd7 9. Qa4 a6 10. Bxd7+ Qxd7 11. Qxd7+ Kxd7 12. Na3 b5 13. Be3 e6 14. dxe6+ Kxe6 15. 0-0-0 Nf6 16. f3 Be7 17. Rd2 c4 18. Nc2 Rhd8 19. Rhd1 Rxd2 20. Rxd2 Rd8 21. Bb6 Rxd2 22. Kxd2 Nd7 23. Bc7 Nc5 24. Ne3 Nd3 25. Nd5 Bc5 26. Ba5 Bd6 27. Bc7 f5 28. Ba5 g6 29. h3 fxe4 30. fxe4 Bc5 31. Nc7+ Kd7 32. Nxa6 Ba7 33. Nb4 Nf2 34. Nd5 Nxe4+ 35. Ke2 Kd6 36. Ne3 Ng3+ 37. Kf3 Bxe3 38. Kxg3 e4 39. Bb4+ Kd5 40. h4 h5 41. Kh3 Bf2 42. g4 e3 43. Kg2 Ke4 44. gxh5 gxh5 45. Bc5 Kd3 46. Bd4 Bxh4 47. Kf3 e2 0-1

[Event "GER-ch Net qual1 U14"]
[Site "Playchess.com INT"]
[Date "2012.09.01"]
[Round "5"]
[White "Martin, Julian"]
[Black "Bach, Christopher"]
[Result "0-1"]
[WhiteElo "1429"]
[BlackElo "1496"]
[PlyCount "90"]
[EventDate "2012.09.01"]
[EventType "swiss (blitz)"]
[EventRounds "7"]
[EventCountry "GER"]
[SourceTitle "CBM 150 Extra"]
[Source "ChessBase"]
[SourceDate "2012.10.19"]
[SourceVersion "1"]
[SourceVersionDate "2012.10.19"]
[SourceQuality "1"]

1. e4 e5 2. Nf3 Nc6 3. d4 exd4 4. Bc4 Nf6 5. e5 d5 6. Bb5 Nd7 7. 0-0 Bc5 8. Bg5 Be7 9. Bxe7 Qxe7 10. Nxd4 Nxd4 11. Qxd4 c6 12. Bd3 0-0 13. Re1 Nc5 14. Bf1 Bf5 15. Nd2 Bxc2 16. Rac1 Ne6 17. Qg4 Bg6 18. f4 Nd4 19. Nf3 Nxf3+ 20. Qxf3 Be4 21. Qg3 f6 22. Bd3 Bxd3 23. Qxd3 fxe5 24. Rxe5 Qf6 25. Rf1 Rae8 26. Rh5 g6 27. Rh3 Re4 28. Rhf3 Qd4+ 29. Qxd4 Rxd4 30. Rb3 b5 31. Ra3 Rf7 32. Ra6 Rc4 33. Re1 d4 34. Rd1 c5 35. Ra5 b4 36. Rb5 Rxf4 37. Rb7 Rf7 38. Rb5 Rc2 39. b3 Rc3 40. Rb8+ Kg7 41. Re8 d3 42. Rd8 Rc2 43. R8xd3 Rxa2 44. Rd7 a5 45. Rc7 Rxc7 0-1

[Event "Hessen-ch U14"]
[Site "Bad Homburg"]
[Date "2012.??.??"]
[Round "9"]
[White "Bach, Christopher"]
[Black "Hennemann, Florian"]
[Result "1-0"]
[WhiteElo "1441"]
[BlackElo "929"]
[PlyCount "89"]
[EventDate "2012.04.??"]
[EventType "swiss"]
[EventRounds "9"]
[EventCountry "GER"]
[SourceTitle "EXT 2015"]
[Source "ChessBase"]
[SourceDate "2014.11.20"]
[SourceVersion "1"]
[SourceVersionDate "2014.11.20"]
[SourceQuality "1"]

1. e4 e5 2. Nf3 Nc6 3. Bb5 a6 4. Ba4 Nf6 5. 0-0 Bb4 6. c3 Be7 7. Re1 d6 8. d3 0-0 9. Nbd2 Bg4 10. Nf1 d5 11. exd5 Qxd5 12. Ne3 Bxf3 13. Nxd5 Bxd1 14. Bxc6 Nxd5 15. Bxd5 Rad8 16. Bxf7+ Rxf7 17. Rxd1 e4 18. d4 c5 19. Be3 b6 20. dxc5 Rxd1+ 21. Rxd1 Bxc5 22. Bxc5 bxc5 23. Rd8+ Rf8 24. Rxf8+ Kxf8 25. Kf1 Ke7 26. Ke2 Ke6 27. Ke3 Ke5 28. b3 g5 29. g4 h6 30. c4 a5 31. a4 Kd6 32. Kxe4 Ke6 33. f4 gxf4 34. Kxf4 Kf6 35. h4 Ke6 36. g5 hxg5+ 37. hxg5 Kd6 38. Kf5 Ke7 39. g6 Kf8 40. Kf6 Kg8 41. g7 Kh7 42. Kf7 Kh6 43. g8Q Kh5 44. Qg3 Kh6 45. Qg6# 1-0

[Event "Hessen-ch U14"]
[Site "Bad Homburg"]
[Date "2012.??.??"]
[Round "6"]
[White "Oezdemir, Ali Oezden"]
[Black "Bach, Christopher"]
[Result "1/2-1/2"]
[WhiteElo "1132"]
[BlackElo "1441"]
[PlyCount "115"]
[EventDate "2012.04.??"]
[EventType "swiss"]
[EventRounds "9"]
[EventCountry "GER"]
[SourceTitle "EXT 2015"]
[Source "ChessBase"]
[SourceDate "2014.11.20"]
[SourceVersion "1"]
[SourceVersionDate "2014.11.20"]
[SourceQuality "1"]

1. e4 e5 2. Nf3 Nc6 3. Bc4 Bc5 4. c3 Nf6 5. d3 d6 6. 0-0 a6 7. Bb3 Bg4 8. Nbd2 0-0 9. Re1 Ne7 10. Nf1 Ng6 11. h3 Be6 12. Bc2 h6 13. d4 Bb6 14. Ng3 Re8 15. Be3 exd4 16. Nxd4 d5 17. Nxe6 Rxe6 18. Bxb6 Rxb6 19. Bb3 dxe4 20. Nxe4 Nxe4 21. Rxe4 Rd6 22. Qf1 Qf8 23. Rd4 Rxd4 24. cxd4 Rd8 25. Qd3 Qd6 26. Qf5 Qe7 27. Qxg6 Rxd4 28. Qf5 Re4 29. Qc8+ Qe8 30. Qxe8+ Rxe8 31. Rd1 Re7 32. Kf1 Kh7 33. Rd3 Kg6 34. Rg3+ Kf6 35. Rf3+ Kg6 36. g4 f6 37. h4 h5 38. Re3 Rxe3 39. fxe3 hxg4 40. Kg2 Kh5 41. Kg3 g5 42. hxg5 Kxg5 43. e4 f5 44. exf5 Kxf5 45. Bc2+ Ke5 46. Kxg4 b6 47. Kf3 Kd4 48. Kf4 c5 49. Kf5 Kd5 50. Be4+ Kd4 51. Bb7 a5 52. Ba6 Kd5 53. b3 Kc6 54. Ke6 b5 55. Bc8 c4 56. Ke5 cxb3 57. axb3 Kc5 58. Be6 1/2-1/2